000 01272nam0a2200313 4500
001 RU\NLR\bibl\956766
005 20250614203003.0
021 _aRU
_b2005-35880п
_91361
035 _a(NLR Aleph) 000944825
090 _a242707
_c242707
100 _a20060605d2005 |||y0rusy50 ca
101 0 _arus
102 _aRU
105 _aa |||||||||
200 1 _aМеханизмы параллельной кинематики в станкостроении
_fП.В. Подзоров
210 _aМосква
_cМашиностроение
_d2005
215 _a24 c.
_cил.
_d29
311 _aПрил. к журн. "Справочник. Инженерный журнал". - 2005. - N° 8(101)
320 _aБиблиогр.: с. 23-24 (29 назв.)
422 0 _12001#$aСправочник. Инженерный журнал$v2005, N° 8(101)
_tСправочник. Инженерный журнал
606 1 _aМеталлорежущие станки
_xКинематика
_91571656
_3RU\NLR\auth\66688729
686 _aК63-52-011
700 1 _aПодзоров
_bП. В.
_gПавел Викторович
_4070
801 0 _aRU
_bNLR
_c20060605
_grcr
801 1 _aRU
_bNLR
_c20060605
852 _aNLR
_jП11/3990
942 _cBOOK
980 _aNB